000 00557nam a2200181 4500
001 131675
003 ES-MaACL
005 20251206063033.0
007 t|
008 070214s1952 sp r ||||1| spa d
080 _a821.134.2(82)-14"19"
100 1 _aRodríguez Carrasco, Manuel
_935531
245 1 0 _aChañares en flor
_b: (romancero de Calamuchita) /
_cManuel Rodríguez Carrasco.
260 _aBarcelona :
_b[s.n.],
_c1952 (
_fTall. Altés)
300 _a155 p. ;
_c18 cm.
852 _aES-MaACL
_jD-8873
_bR.34308
999 _c131675
_d131675